| 000 | 00387 a2200157 4500 | ||
|---|---|---|---|
| 999 |
_c11366 _d11366 |
||
| 003 | OSt | ||
| 005 | 20230321154326.0 | ||
| 008 | 230321b ||||| |||| 00| 0 eng d | ||
| 020 | _a978-9353573478 | ||
| 082 |
_a720.95456 _bSAF |
||
| 100 | _aRana Safvi | ||
| 245 | _aShahjahanabad: The Living City of Old Delhi | ||
| 260 |
_bHarperCollins India _c2019 |
||
| 300 | _a389p;. | ||
| 942 | _2ddc | ||